000
00287nam a22001337a 4500
008
181031b xxu||||| |||| 00| 0 eng d
020
_a
9781429216388
041
_a
eng
080
_2
9th
_a
159.9
100
_a
48
101
_a
PSI
245
_a
Psychology
_c
Myers,D.G
942
_2
udc
_c
BK
999
_c
51320
_d
51320